000 00402nam a2200145Ia 4500
008 230917s9999||||xx |||||||||||||| ||und||
040 _e40485
_aMAIN
041 _aEnglish
082 _a810.9 P755W
100 _aPoirier, Richard
245 2 _aA world elsewhere: the place of style in American literature
260 _aNew York
_bOxford University Press
_c1966
300 _axi, 257 p.
942 _cBK
999 _c215977
_d215977